| 000 | 00492nam a2200181Ia 4500 | ||
|---|---|---|---|
| 003 | LDD | ||
| 008 | 181101s9999 xx 000 0 und d | ||
| 020 | _c90.00 | ||
| 040 | _cLDD | ||
| 100 | _aQadri, Abdul wali Bakhs | ||
| 245 | 0 |
_aUljihanian _cAbdul wali Bakhs Qadri |
|
| 260 |
_aNew Delhi _bMaktaba Jamia Ltd. _c1997 |
||
| 300 | _a107p. | ||
| 901 |
_a15920 _b17-03-2017 |
||
| 902 |
_a2840 _b17-03-2017 _cF _dPIBD _e8U |
||
| 903 |
_a20 _bReqst by : Mohd. Akbar |
||
| 942 |
_2ddc _cUR |
||
| 999 |
_c223 _d223 |
||